| 000 | 00808nam a2200241 i 4500 | ||
|---|---|---|---|
| 001 | C2-0131378 | ||
| 003 | PPAK | ||
| 005 | 20180727122322.0 | ||
| 008 | 971013s1994 my a|||| ||||| | may d | ||
| 040 |
_aPPAK _beng _cPPAK _erda |
||
| 082 | 0 | 4 |
_a959.5112 _223 |
| 090 | 0 | 0 |
_a959.5112 _bSAR _dKK |
| 100 | 0 |
_aSarifah Abd. Razak, _eauthor |
|
| 245 | 1 | 0 |
_aKubang Pasu 1900-1957 : _bsejarah perkembangan politik, ekonomi dan sosial |
| 264 | 1 |
_aBangi, Selangor : _bUniversiti Kebangsaan Malaysia , _c1994 |
|
| 300 |
_axiii, 225 pages : _billustrations ; _c30 cm |
||
| 336 |
_2rdacontent _atext |
||
| 337 |
_2rdamedia _aunmediated |
||
| 338 |
_2rdacarrier _avolume |
||
| 500 | _aTesis - Ijazah sarjana Muda Kepujian Dalam Bidang Sejarah ; Tidak boleh difotokopi | ||
| 650 | 1 | 0 | _aKedah - History. |
| 942 |
_ddc _cB |
||
| 999 |
_c40688 _d40688 |
||